000 00663nam a2200277Ia 4500
005 20260324133409.0
008 008 260324s9999 xx 000 0 eng d
020 _a9780080479842
037 _aEBOOK
040 _aCRL
040 _beng
040 _cCRL
041 _2eng
041 _aeng
084 _qCRL
100 _aDarren Lee-Ross; Conrad Lashley
_91192941
245 0 _aOrganization Behaviour for Leisure Services
260 _bTaylor and Francis
260 _c2003
365 _a
365 _b290
856 _uhttp://www.taylorfrancis.com/books/9780080479842
942 _cEBOOK
999 _c1791924
_d1791924